| 000 | 00891nam a2200205Ii 4500 | ||
|---|---|---|---|
| 003 | JO-AjNU | ||
| 008 | 230605s9999||||xx |||||||||||||| ||und|| | ||
| 040 |
_aJO-AjNU _bara _erda _cJO-AjNU |
||
| 041 | _aara | ||
| 050 | 1 | 4 | _aPJ7553.A27 1987 |
| 100 | 3 |
_aالجرجاني، أبي الحسن علي بن عبد العزيز تأليف؛ صبحي، محي الدين دراسة, _eauthor _937704 |
|
| 245 | 0 | 0 | _aالمختار من الوساطة بين المتنبي وخصومه |
| 264 | 3 | 1 | _aدمشق:وزارة الثقافة والإرشاد القومي،1978 |
| 300 | _a448ص | ||
| 336 |
_atext _btxt _2rdacontent |
||
| 337 |
_aunmediated _bn _2rdamedia |
||
| 338 |
_avolume _bnc _2rdacarrier |
||
| 490 | 0 | _aالمختار من التراث العربي 5 | |
| 650 | 4 |
_aالشعراء العرب-الشعر العربي-تراث عربي- تاريخ و نقد -المتنبي _937705 |
|
| 999 |
_aA15778 _c19346 _d19346 |
||